MyGZULibrary

The process of economic development / (Record no. 3615)

MARC details
000 -LEADER
fixed length control field 01566cam a2200397 a 4500
001 - CONTROL NUMBER
control field 15115410
003 - CONTROL NUMBER IDENTIFIER
control field GZU
005 - DATE AND TIME OF LATEST TRANSACTION
control field 20201202152719.0
008 - FIXED-LENGTH DATA ELEMENTS--GENERAL INFORMATION
fixed length control field 071217s2009 enka b 001 0 eng
010 ## - LIBRARY OF CONGRESS CONTROL NUMBER
LC control number 2007051285
020 ## - INTERNATIONAL STANDARD BOOK NUMBER
International Standard Book Number 9780415771030
020 ## - INTERNATIONAL STANDARD BOOK NUMBER
International Standard Book Number 041577103X
020 ## - INTERNATIONAL STANDARD BOOK NUMBER
International Standard Book Number 9780415771047 (pbk.)
020 ## - INTERNATIONAL STANDARD BOOK NUMBER
International Standard Book Number 0415771048 (pbk.)
020 ## - INTERNATIONAL STANDARD BOOK NUMBER
International Standard Book Number 9780203895061 (ebook)
020 ## - INTERNATIONAL STANDARD BOOK NUMBER
International Standard Book Number 0203895061 (ebook)
035 ## - SYSTEM CONTROL NUMBER
System control number (OCoLC)ocn184906225
035 ## - SYSTEM CONTROL NUMBER
System control number (OCoLC)184906225
Canceled/invalid control number (OCoLC)144228341
-- (OCoLC)149007465
040 ## - CATALOGING SOURCE
Original cataloging agency DLC
Transcribing agency DLC
Modifying agency BAKER
-- YDXCP
-- BTCTA
-- OCLCG
-- BWKUK
-- BWK
-- BWX
-- CDX
-- XVF
-- MNJ
-- DLC
050 00 - LIBRARY OF CONGRESS CALL NUMBER
Classification number HD82
Item number .CYP 2009
082 00 - DEWEY DECIMAL CLASSIFICATION NUMBER
Classification number 338.9
Edition number 22
100 1# - MAIN ENTRY--PERSONAL NAME
Personal name Cypher, James M.
245 14 - TITLE STATEMENT
Title The process of economic development /
Statement of responsibility, etc. James M. Cypher and James L. Dietz.
250 ## - EDITION STATEMENT
Edition statement 3rd ed.
260 ## - PUBLICATION, DISTRIBUTION, ETC.
Place of publication, distribution, etc. London ;
-- New York :
Name of publisher, distributor, etc. Routledge,
Date of publication, distribution, etc. 2009.
300 ## - PHYSICAL DESCRIPTION
Extent xx, 613 p. :
Other physical details ill. ;
Dimensions 26 cm.
504 ## - BIBLIOGRAPHY, ETC. NOTE
Bibliography, etc. note Includes bibliographical references and index.
650 #0 - SUBJECT ADDED ENTRY--TOPICAL TERM
Topical term or geographic name entry element Economic development.
700 1# - ADDED ENTRY--PERSONAL NAME
Personal name Dietz, James L.,
Dates associated with a name 1947-
856 41 - ELECTRONIC LOCATION AND ACCESS
Materials specified Table of contents only
Uniform Resource Identifier <a href="http://www.loc.gov/catdir/toc/ecip086/2007051285.html">http://www.loc.gov/catdir/toc/ecip086/2007051285.html</a>
856 42 - ELECTRONIC LOCATION AND ACCESS
Materials specified Publisher description
Uniform Resource Identifier <a href="http://www.loc.gov/catdir/enhancements/fy0908/2007051285-d.html">http://www.loc.gov/catdir/enhancements/fy0908/2007051285-d.html</a>
856 42 - ELECTRONIC LOCATION AND ACCESS
Materials specified Contributor biographical information
Uniform Resource Identifier <a href="http://www.loc.gov/catdir/enhancements/fy1102/2007051285-b.html">http://www.loc.gov/catdir/enhancements/fy1102/2007051285-b.html</a>
906 ## - LOCAL DATA ELEMENT F, LDF (RLIN)
a 7
b cbc
c orignew
d 1
e ecip
f 20
g y-gencatlg
942 ## - ADDED ENTRY ELEMENTS (KOHA)
Source of classification or shelving scheme Library of Congress Classification
Koha item type Books
Classification part 82
Item part CYP
Call number prefix HD
Holdings
Withdrawn status Lost status Damaged status Not for loan Collection code Home library Current library Shelving location Date acquired Total Checkouts Full call number Barcode Date last seen Copy number Price effective from Koha item type Source of classification or shelving scheme Inventory number Date last checked out
        Non-fiction City Campus Library City Campus Library General Stacks 12/02/2020   HD 82 CYP 2009 010018 12/02/2020 c. 1 12/02/2020 Books      
        Non-fiction Graduate School Resource Centre Graduate School Resource Centre General Stacks 06/09/2021   HD 82 CYP 2009 006717 06/09/2021 c. 5 06/09/2021 Books Library of Congress Classification 17472  
        Non-fiction Mashava Campus Library Mashava Campus Library General Stacks 05/03/2021   HD 82 CYP 2009 006713 05/03/2021 c-2 05/03/2021 Books Library of Congress Classification 17470  
        Non-fiction Mashava Campus Library Mashava Campus Library General Stacks 05/03/2021 1 HD 82 CYP 2009 006712 10/12/2023 c-3 05/03/2021 Books   17471 10/05/2023
        Non-fiction Mashava Campus Library Mashava Campus Library   05/03/2021   HD 82 CYP 2009 006716 05/03/2021 c-4 05/03/2021 Books   17473